Pochovali sme colnú úniu - ako ďalej?

Na minha lista:
Detalhes bibliográficos
Autor principal: Ružeková, Viera, 1957-
Outros Autores: Smreková, Marta
Formato: Capítulo de Livro
Idioma:eslovaco
Tags: Adicionar Tag
Sem tags, seja o primeiro a adicionar uma tag!

MARC

LEADER 00000naa$a2200000$$$4500
001 0065466
005 20240502083157.7
041 0 |a slo 
044 |a CZ 
245 1 0 |a Pochovali sme colnú úniu - ako ďalej?  |c Viera Ružeková, Marta Smreková 
100 1 |a Ružeková, Viera, 1957- 
700 1 |a Smreková, Marta